มุมมองปกติ
มุมมองแบบ MARC
- สาธิต วงศ์อนันต์นนท์
รายการ Personal Name
001 - CONTROL NUMBER
- control field: 46080
003 - CONTROL NUMBER IDENTIFIER
- control field: NALT
005 - DATE AND TIME OF LATEST TRANSACTION
- control field: 20210713133913.0
008 - FIXED-LENGTH DATA ELEMENTS
- fixed length control field: 200702|| aca||aabn | a|a d
040 ## - CATALOGING SOURCE
- Original cataloging agency: NALT
100 0# - HEADING--PERSONAL NAME
- Personal name: สาธิต วงศ์อนันต์นนท์
